000 00245nam a2200097Ia 4500
001 1198703
005 20250827021850.0
008 250824s9999 xx 000 0 und d
245 0 _aBİLİNMEYEN HEDEF
_cAGATHA CHRISTIE
260 _bALTIN KİTAPLAR
999 _c1198703
_d1198703